| 000 | 01144nam a2200265 i 4500 | ||
|---|---|---|---|
| 001 | BINCO | ||
| 003 | CO-MdBIC | ||
| 005 | 20220404164300.0 | ||
| 008 | 220323t2012 mx ao||c |||| 00| 0 spa d | ||
| 020 | _a9781575548890 | ||
| 040 |
_aCO-MdBIC _bspa. _cCO-MdBIC _dCO-MdBIC |
||
| 041 | _aspa | ||
| 082 |
_222 _a613.95 _bV217 |
||
| 100 |
_aVan Pelt, Nancy L., _d1934-2013 |
||
| 240 |
_aThe Compleat Tween _lespañol |
||
| 245 | 0 | 8 |
_a¿Qué le pasa a mi cuerpo? _c/ Nancy Van Pelt |
| 250 | _aSegunda edición | ||
| 260 | 1 |
_aMéxico : _bAsociación Publicadora Interamericana, _c[2012] |
|
| 264 | 4 | _c© 2012 | |
| 300 |
_a171 páginas; _bilustraciones: _c20 cm. |
||
| 505 | 1 | _a¿Tienes entre 9 y 14 años? ¿Te sientes inseguro? ¿Te da vergüenza hablar de sexo con tus padres? ¿Quieres respuestas directas a tus dudas sobre la vida? Si tu respuesta a estas preguntas es "Sí", seguramente estas en la pubertad. Además de los cambios físicos que tienes que experimentar, te toca bregar con la presión de tus padres y de tus amigos. | |
| 650 |
_vCiencias naturales _xSexualidad |
||
| 700 |
_aCollins, Sergio, _etraductor |
||
| 942 | _cLGB | ||
| 999 |
_c67525 _d67525 |
||